| 000 | 00469nam a2200169 a 4500 | ||
|---|---|---|---|
| 001 | 0000-8527 | ||
| 003 | ELIB.Books | ||
| 008 | 110520 2007 | ||
| 035 | _a(ELIB.Books)0000-8672 | ||
| 082 |
_aM.A.R. _bJoh |
||
| 100 | _aJohnson, Saw | ||
| 245 | _aThe Twenty First Century Mission of Karen Baptist Convention | ||
| 260 |
_bInsein: Karen Baptist Theological Seminary _c2007 |
||
| 650 | _aThesis | ||
| 942 |
_2ddc _cBK |
||
| 998 |
_cbat _e2011-05-20 |
||
| 999 |
_c8527 _d8527 |
||